UM Logo

Marketing communications / (Record no. 5749)

MARC details
000 -LEADER
fixed length control field 01240cam a22003737i 4500
001 - CONTROL NUMBER
control field 18074497
005 - DATE AND TIME OF LATEST TRANSACTION
control field 20161117172954.0
008 - FIXED-LENGTH DATA ELEMENTS--GENERAL INFORMATION
fixed length control field 140320s2015 enk b 001 0 eng d
010 ## - LIBRARY OF CONGRESS CONTROL NUMBER
LC control number 2014936261
015 ## - NATIONAL BIBLIOGRAPHY NUMBER
National bibliography number GBB4E2725
Source bnb
016 7# - NATIONAL BIBLIOGRAPHIC AGENCY CONTROL NUMBER
Record control number 016938141
Source Uk
020 ## - INTERNATIONAL STANDARD BOOK NUMBER
International Standard Book Number 978-1-4462-5903-0 (paperback)
035 ## - SYSTEM CONTROL NUMBER
System control number (OCoLC)ocn894929202
040 ## - CATALOGING SOURCE
Original cataloging agency YDXCP
Language of cataloging eng
Transcribing agency YDXCP
Description conventions rda
Modifying agency OCLCQ
-- UKMGB
-- OCLCF
-- DLC
042 ## - AUTHENTICATION CODE
Authentication code lccopycat
050 00 - LIBRARY OF CONGRESS CALL NUMBER
Classification number HF5415.123
Item number .E4 2015
082 04 - DEWEY DECIMAL CLASSIFICATION NUMBER
Classification number DC 658.802
Edition number 2015
Item number Eg13
100 1# - MAIN ENTRY--PERSONAL NAME
Personal name Egan, John,
Dates associated with a name 1952-
Relator term author.
245 10 - TITLE STATEMENT
Title Marketing communications /
Statement of responsibility, etc. John Egan.
250 ## - EDITION STATEMENT
Edition statement Second edition.
260 ## - PUBLICATION, DISTRIBUTION, ETC. (IMPRINT)
Place of publication, distribution, etc. London :
Name of publisher, distributor, etc. Sage Publications Ltd,
Date of publication, distribution, etc. c2015.
300 ## - PHYSICAL DESCRIPTION
Extent ix, 420 pages ;
Dimensions 27 cm
504 ## - BIBLIOGRAPHY, ETC. NOTE
Bibliography, etc Includes bibliographical references and index.
650 #0 - SUBJECT ADDED ENTRY--TOPICAL TERM
Topical term or geographic name as entry element Communication in marketing.
650 #0 - SUBJECT ADDED ENTRY--TOPICAL TERM
Topical term or geographic name as entry element Marketing.
650 #0 - SUBJECT ADDED ENTRY--TOPICAL TERM
Topical term or geographic name as entry element Advertising.
650 #7 - SUBJECT ADDED ENTRY--TOPICAL TERM
Topical term or geographic name as entry element Advertising.
Source of heading or term fast
650 #7 - SUBJECT ADDED ENTRY--TOPICAL TERM
Topical term or geographic name as entry element Communication in marketing.
Source of heading or term fast
650 #7 - SUBJECT ADDED ENTRY--TOPICAL TERM
Topical term or geographic name as entry element Marketing.
Source of heading or term fast
906 ## - LOCAL DATA ELEMENT F, LDF (RLIN)
a 7
b cbc
c copycat
d 2
e ncip
f 20
g y-gencatlg
942 ## - ADDED ENTRY ELEMENTS (KOHA)
Source of classification or shelving scheme Dewey Decimal Classification
Koha item type Circulation
Holdings
Withdrawn status Lost status Source of classification or shelving scheme Damaged status Not for loan Collection code Home library Current library Date acquired Source of acquisition Total Checkouts Total Renewals Full call number Barcode Date last seen Date last checked out Copy number Price effective from Koha item type
    Dewey Decimal Classification     Circulation UM Digos College - LIC UM Digos College - LIC 10/27/2016 Purchased 2 1 DC 658.802 Eg13 2015 24569 05/15/2025 12/16/2017 1 11/17/2016 Circulation